Statistics for Countries With The Best Education

Click here to take the quiz!

General Stats

  • This quiz has been taken 46 times
  • The average score is 14 of 15

Answer Stats

HintAnswer% Correct
8Australia
98%
2United Kingdom
98%
1United States of America
98%
4Canada
95%
5France
95%
3Germany
95%
6Japan
95%
9Sweden
93%
12Finland
91%
15New Zealand
89%
10Denmark
86%
11Netherlands
86%
13Norway
86%
7Switzerland
84%
14Italy
77%

Score Distribution

Percentile by Number Answered

Percent of People with Each Score

Your Score History

You have not taken this quiz